000 00646nam a2200205 4500
001 118875
003 ES-MaACL
005 20250824230754.0
007 t|
008 070214s1956 sp r ||||1| spa d
100 1 _aPiat, Stephane-Joseph.
_991748
245 1 3 _aEl Evangelio de la pobreza /
_cStephane Piat ; traducción de Rafael Cremades Cepa.
260 _aMadrid :
_bRialp,
_c1956.
300 _a299 p. ;
_c17 cm.
490 1 _aPatmos. Libros de espiritualidad ;
_v58
700 1 _aCremades Cepa, Rafael.
_941484
830 0 0 _aPatmos (Rialp)
_v58
_9181154
852 _aES-MaACL
_jC-11684
_bR.39591
999 _c118875
_d118875